| 000 | 01320nam a2200325 c 4500 | ||
|---|---|---|---|
| 003 | BLK | ||
| 005 | 20230515123729.0 | ||
| 008 | 180411b bul|||||r ||||||| ||bul|| | ||
| 010 | _aKNG00175042000 | ||
| 040 | _aBLK | ||
| 041 |
_aBUL _cBUL |
||
| 080 |
_aФренска литература _b821.133.1 _x-93-31 _z821.133.1-93-31 |
||
| 100 | 1 |
_aЕмар, Гюстав _d1813-1883 _9257717 |
|
| 700 | 1 |
_aФлоров, Ставри _eпрев. от фр. _9381815 |
|
| 700 | 1 |
_aЧолаков, Петър _eс послесл. от _9381861 |
|
| 139 |
_aЕмар, Гюстав _bЕ 58 |
||
| 245 | 1 | 0 |
_aЛовци на кобри _bРоман [за юноши] _cГюстав Емар; прев. от фр. Ставри Флоров; с послесл. от Петър Чолаков. |
| 250 | _a2. изд. | ||
| 257 | _aFRA | ||
| 260 |
_аСофия _bМакедония днес _c1991 |
||
| 300 |
_a152 с. _c21 см |
||
| 380 | _aX | ||
| 500 | _aБез сведение за ориг. загл. - 1. изд. 1939 г. на изд. Г. Атанасов. - На кор. означено 1. - 12 000 тир. | ||
| 653 | _aромани | ||
| 852 | _aЦб 165867 | ||
| 856 | 4 |
_qpdf _u |
|
| 856 | 4 |
_qpdf _u |
|
| 942 |
_cKNG _n0 |
||
| 944 |
_aCR _c08.08.2014 _kТеодора_Стоянова |
||
| 944 |
_aED _c11.05.2015 _kТеодора_Стоянова |
||
| 999 |
_c167246 _d167246 |
||